banner-ar

استراتيجية الامن الغذائى / (Record no. 51172)

MARC details
000 -الفاتح
حقل البيانات ثابتة الطول 00451nam a2200133Ia 4500
008 - عناصر البيانات ثابتة الطول - معلومات عامة
حقل البيانات ثابتة الطول 140319s9999 xx 000 0 ara d
040 ## - مصدر الفهرسة
وكالة الفهرسة الأصلية GCL /
وكالة النسخ GCL
082 04 - رقم تصنيف ديوى العشرى
رقم التصنيف 333.335
رقم المادة م أ
100 1# - المدخل الرئيسى - إسم شخصى
الإسم الشخصى المجالس القومية المتخصصة
245 10 - بيان العنوان
العنوان استراتيجية الامن الغذائى /
بيان المسئوليه,etc المجالس القومية المتخصصة
300 ## - الوصف المادى
التعداد 295 ص
490 ## - بيان السلسلة
عنوان السلسلة الهيئة العامة للاستعلامات
رقم المجلد/ التعيين التسلسلي 0
Holdings
حالة التراجع حالة الفقد حالة تلف ليس للاعارة المكان المؤقت الموقع الحالى تاريخ الاكتساب اجمالي اﻻعارات رقم الطلب الباركود تاريخ اخر مشاهدة تاريخ تفعيل السعر نوع وعاء كوها
        مكتبة القاهرة الكبرى مكتبة القاهرة الكبرى 03/26/2014   333.335\م أ 122676 03/26/2014 03/26/2014 كتاب

Powered By

EGPV